[Event "Kemper-Exemplars "]
[Site "?"]
[Date "1998.10.08"]
[Round "?"]
[White "Nallataambi, Rajan"]
[Black "Sollano, Ely"]
[Result "0-1"]
[WhiteElo "1468"]
[BlackElo "1916"]
[PlyCount "84"]
[EventDate "1998.??.??"]

1. e4 c5 2. Nf3 d6 3. d4 cxd4 4. Nxd4 Nf6 5. Nc3 a6 6. a4 e5 7. Nf3 Be7 8. Be2
O-O 9. O-O Nc6 10. h3 b6 11. Be3 Qc7 12. Nd5 Nxd5 13. exd5 Nd8 14. Ra3 Rb8 15.
Qd2 f5 16. Bg5 Nf7 17. Rc3 Qd8 18. Bxe7 Qxe7 19. Re1 Qd8 20. Bc4 Kh8 21. Qe2
Ra8 22. b4 Bb7 23. Nd2 Rc8 24. Rf3 Ng5 25. Rg3 b5 26. axb5 axb5 27. Bb3 f4 28.
Rd3 Rc7 29. Nf3 Nf7 30. Ra1 Bc8 31. Ra8 { } 31... Qe7 {
Cleverly breaking pin along backrank while threatening ...e4} 32. Ra5 $2 32...
e4 33. Rd4 exf3 34. Qxf3 {  seems to win a second pawn for the piece, but
Black conjures an attack using the advanced f-pawn.} 34... Ne5 35. Qd1 f3 36.
Rxb5 {  taking a pawn, but the Rook now hangs on an undefended square.  Watch
how Black combines his possibilities against the opposing King while keeping
an eye on  the loose Rook.} 36... fxg2 37. Kxg2 37... Bxh3+ { } ({Ely's move
ts up Qd7, winning Rb5.  With every piece in range of the White K, let's see
if Black has more....} 37... Qg5+ { } 38. Kh1 (38. Kf1 Bxh3+ 39. Ke1 (39. Ke2 {
} 39... Rxf2+ $3 40. Kxf2 40... Rf7+ {and Black forces mate.}) 39... Qg1+ 40.
Kd2 40... Rxf2+ {  Black mates or wins Q} 41. Kc1 41... Rf1 {wins the Queen}
42. Rb8+ Rc8) (38. Kh2 38... Rxf2+ {and mates with Qg2}) 38... Rxf2 39. Qg1 {


.} 39... Qf5 $3 {Fritz5 showed me this one! Black threatens: Rf1 winning Q,
as well as two mating combos of Qh3+ and Qf3+!}) 38. Kxh3 { } 38... Qd7+ 39.
Kg3 Qxb5 40. f4 Rc3+ 41. Kh4 Ng6+ 42. Kg4 Qd7+ 0-1

[Event "Kemper-Exemplars  Oct 8"]
[Site "?"]
[Date "1998.??.??"]
[Round "?"]
[White "Siwek, Mark"]
[Black "Benesa, Arnulfo"]
[Result "0-1"]
[WhiteElo "2061"]
[BlackElo "2271"]
[PlyCount "100"]
[EventDate "1998.??.??"]

1. e4 c5 2. Nf3 d6 3. d4 cxd4 4. Qxd4 a6 5. Be3 Nc6 6. Qb6 Qxb6 7. Bxb6 Nf6 8.
Nc3 Bg4 9. Be2 e6 10. Rd1 Rc8 11. O-O Nd7 12. Be3 b5 13. a3 Nce5 14. Nd4 Bxe2
15. Ndxe2 Nc4 16. Bc1 Be7 17. b3 Ncb6 18. Rfe1 O-O 19. Bf4 Rc6 20. Rd3 Rfc8 21.
Red1 Nc5 22. R3d2 Nb7 23. Be3 Nd7 24. f3 Rxc3 25. Nxc3 Rxc3 26. Bd4 Rc6 27. Kf2
Bg5 28. Be3 Bxe3+ 29. Kxe3 Nb6 30. Kf2 Kf8 31. Rb1 Na5 32. Rbd1 Ke7 33. Re1 Nb7
34. Ree2 Nc5 35. Ke1 a5 36. Kd1 a4 37. Re3 e5 38. Rc3 Kd7 39. h4 f6 40. g4 Ne6
41. Re3 Nd4 42. g5 Ke6 43. gxf6 Kxf6 44. Rf2 Ne6 45. Rd2 Nf4 46. Rf2 d5 47. Re1
d4 48. Kd2 Rc3 49. Rc1 $4 49... axb3 50. cxb3 Rxc1 0-1

[Event "Exemplars-Kemper  Oct 8"]
[Site "?"]
[Date "1998.??.??"]
[Round "?"]
[White "Friske, Tom"]
[Black "Cummuta, Phil"]
[Result "1-0"]
[WhiteElo "1970"]
[BlackElo "1503"]
[PlyCount "47"]
[EventDate "1998.??.??"]

1. Nf3 d5 2. g3 c5 3. Bg2 Nc6 4. d4 Bg4 5. c4 Nf6 6. O-O e6 7. Qa4 Be7 8. Ne5
Qa5 9. Qxa5 Nxa5 10. Nxg4 Nxg4 11. cxd5 exd5 12. Nc3 Nf6 13. dxc5 Bxc5 14. Nxd5
Nxd5 15. Bxd5 O-O 16. Bd2 Rad8 17. e4 Nc6 18. Bc3 Rd7 19. Rfd1 19... Ne7 $2 20.
Bxf7+ Rxf7 21. Rxd7 21... Bxf2+ $2 22. Kg2 Bb6 23. Rf1 23... Bc5 $4 24. Rd8+
1-0

[Event "Motorola-Chargers play(2)"]
[Site "?"]
[Date "1998.??.??"]
[Round "?"]
[White "Mackie"]
[Black "Stamm"]
[Result "1-0"]
[WhiteElo "1938"]
[BlackElo "1617"]
[PlyCount "141"]
[EventDate "1998.??.??"]

1. e4 b6 2. Nc3 Bb7 3. d4 Nf6 4. f3 e6 5. Bd3 Be7 6. Be3 O-O 7. Qd2 Na6 8. a3
c5 9. d5 exd5 10. Nxd5 Nxd5 11. exd5 Bh4+ 12. g3 Bf6 13. O-O-O d6 14. h4 Nc7
15. Be4 Re8 16. Bg5 Re5 17. Bf4 Re8 18. Nh3 h6 19. h5 Be5 20. g4 Qf6 21. Bxe5
Rxe5 22. Rhg1 Bxd5 23. g5 hxg5 24. Nxg5 Bxe4 25. Nxe4 Qxf3 26. Qh6 Ne6 27. Nf6+
Kf8 28. Nd7+ Ke7 29. Qd2 Rxh5 30. Qxd6+ Ke8 31. Nf6+ Qxf6 32. Qc6+ Ke7 33. Qxa8
Qf4+ 34. Kb1 Qc7 35. Rde1 g5 36. Qf3 Rh8 37. Rxg5 Rd8 38. Rf5 Rf8 39. Qh3 Qd7
40. Qh4+ Ke8 41. Qh1 Qc8 42. Rh5 Kd7 43. Rd1+ Kc7 44. Qh2+ Kb7 45. Rhd5 Nd4 46.
Qg2 Kb8 47. c3 Ne6 48. Qf3 Nc7 49. Rd7 f5 50. Rh7 Rd8 51. Rxd8 Qxd8 52. Rf7 Qe8
53. Rxf5 Qe1+ 54. Ka2 Qe6+ 55. b3 a5 56. Rf6 Qd7 57. Rxb6+ Kc8 58. Qe2 Qf5 59.
Rd6 Qh3 60. Rd3 Qh6 61. Qd2 Qf6 62. Rd6 Qe7 63. a4 Qe8 64. Qg2 Qe7 65. Rg6 Kb8
66. Rg8+ Ka7 67. Rg7 Qd6 68. Qe2 Kb6 69. Kb2 Kc6 70. Qe4+ Kb6 71. Rg6 1-0

[Event "Tyros-Exemplars play(2)"]
[Site "?"]
[Date "1998.??.??"]
[Round "?"]
[White "Tamez"]
[Black "Gazmen"]
[Result "1-0"]
[WhiteElo "2187"]
[BlackElo "2153"]
[PlyCount "71"]
[EventDate "1998.??.??"]

1. d4 g6 2. e4 c6 3. c4 d6 4. Nc3 Bg7 5. Be3 Nf6 6. f3 6... a6 { } 7. a4 {
to stop b5} 7... a5 8. Qd2 h6 9. Nge2 Na6 10. Nc1 10... Nb4 {
this N isnt really doing anything} 11. Be2 Qb6 12. O-O Qc7 13. Nb3 Nd7 14. f4
h5 15. Rac1 O-O 16. h3 16... e6 { } 17. e5 {
all openings favor Wh better placed pieces} 17... d5 18. cxd5 18... exd5 { }
19. f5 (19. Nb5 {then Nd6, gets another piece in attack}) 19... Re8 20. f6 Bf8
21. Bh6 { } 21... Kh7 (21... Bxh6 $4 22. Qxh6 {mates}) 22. Bxf8 22... Nxf8 { }
23. Nb5 Qb6 24. Nd6 {Bl must lose material} 24... Be6 25. Nxe8 Rxe8 26. Nc5
26... Qa7 { } 27. Bxh5 $1 27... Nd7 (27... gxh5 $2 28. Qg5 {idea Qg7#} 28...
Ng6 29. Qxh5+ Kg8 30. Qh6 {mates}) 28. Be2 Nxc5 29. Rxc5 29... b6 { } 30. Qg5
$1 {continuing theme from move 27} 30... Rh8 31. Rc3 Qb8 32. Rf4 32... Kg8 {
h4-h5} 33. Bg4 Qe8 (33... Bxg4 34. hxg4 {and e6 then f7+ exposes K}) 34. Rg3
34... c5 { } 35. Bxe6 $1 35... Rh7 (35... Qxe6 36. Rh4 Qe8 (36... Rxh4 37. Qxh4
Qe8 (37... Kf8 38. Qh8#) 38. Qh6 Qf8 39. Rxg6+ fxg6 40. Qxg6+ Kh8 41. e6 {
and a pawn Qs}) 37. Rxh8+ Kxh8 38. Qh6+ Kg8 39. Qg7#) (35... fxe6 $4 36. f7+)
36. Qxg6+ { Note Nb4} 1-0

[Event "Tyros-Exemplars play(2)"]
[Site "?"]
[Date "1998.??.??"]
[Round "?"]
[White "Stoltz"]
[Black "Sollano"]
[Result "1-0"]
[WhiteElo "1921"]
[BlackElo "1963"]
[PlyCount "45"]
[EventDate "1998.??.??"]

1. e4 c6 2. d4 d5 3. Nc3 dxe4 4. Nxe4 Nd7 5. Bc4 e6 6. Nf3 Be7 7. Qe2 h6 8. Bf4
Nb6 9. Bb3 a5 10. a3 a4 11. Ba2 Nd5 12. Bd2 Ngf6 13. Nxf6+ Nxf6 14. O-O O-O 15.
Rfe1 Qb6 16. c4 Re8 17. Bf4 Qd8 18. Rad1 Bd6 19. Ne5 Bc7 20. Qf3 Ba5 21. Re2
Rf8 22. Bb1 Bc7 23. Bxh6 {Bl flagged} 1-0

[Event "Exemplars-Tyros play(2)"]
[Site "?"]
[Date "1998.??.??"]
[Round "?"]
[White "Sullivan"]
[Black "Blazie"]
[Result "1-0"]
[WhiteElo "1913"]
[BlackElo "1759"]
[PlyCount "109"]
[EventDate "1998.??.??"]

1. d4 d5 2. c4 c6 3. e3 Nf6 4. Nc3 Bg4 5. Qc2 Nbd7 6. Bd3 e5 7. f3 Be6 8. Nge2
dxc4 9. Bf5 Bxf5 10. Qxf5 Bd6 11. O-O O-O 12. Ne4 Nxe4 13. fxe4 Qe7 14. a3 Rad8
15. Bd2 Qh4 16. g3 Qh6 17. Rad1 Qg6 18. Bc3 Qxf5 19. Rxf5 f6 20. g4 Nb6 21. Kg2
Na4 22. h4 Nxc3 23. Nxc3 b5 24. d5 c5 25. Nxb5 a6 26. Nc3 Rb8 27. Rd2 Rb3 28.
Rff2 Rfb8 29. Rc2 h6 30. Kf3 Kf7 31. Na4 Ke7 32. Rxc4 g6 33. Rfc2 h5 34. gxh5
gxh5 35. Nxc5 Rxb2 36. Nxa6 Rxc2 37. Rxc2 Rb6 38. Nc5 Rb5 39. Nd3 Bxa3 40. Rc7+
Kd8 41. Rh7 Rb1 42. Rxh5 Rb3 43. Ne1 Rb1 44. Ng2 Rf1+ 45. Ke2 Rh1 46. Rh7 Rh2
47. Kf3 Rh3+ 48. Kg4 Rh1 49. Kf5 Rf1+ 50. Ke6 Rg1 51. Rg7 Bc5 52. d6 Rxg2 53.
Rxg2 Bxd6 54. Kxd6 Kc8 55. Ke6 1-0

[Event "Tyros-Exemplars play(2)"]
[Site "?"]
[Date "1998.??.??"]
[Round "?"]
[White "Smith"]
[Black "Bronfeld"]
[Result "1-0"]
[WhiteElo "1508"]
[BlackElo "1869"]
[PlyCount "95"]
[EventDate "1998.??.??"]

1. d4 d5 2. Nf3 c6 3. e3 Nf6 4. Bd3 Bg4 5. Nbd2 Nbd7 6. O-O e5 7. dxe5 Nxe5 8.
Be2 Nxf3+ 9. Bxf3 Qd7 10. Bxg4 Qxg4 11. Qxg4 Nxg4 12. c4 dxc4 13. Nxc4 Rd8 14.
b3 Bb4 15. Bb2 O-O 16. Rfd1 f6 17. h3 Nh6 18. a3 Bc5 19. Na5 Rb8 20. Rd7 Rf7
21. Rad1 Bb6 22. Nc4 Bc7 23. Rxf7 Nxf7 24. Rd7 Bd8 25. Bd4 a6 26. Ba7 Rc8 27.
Rxb7 Rc7 28. Rxc7 Bxc7 29. Bb6 Bxb6 30. Nxb6 Ne5 31. Kf1 Kf7 32. Ke2 Ke6 33. f4
Nf7 34. Na4 Kd5 35. Kd3 Nd6 36. Nc3+ Ke6 37. g4 f5 38. e4 fxg4 39. hxg4 Nb7 40.
b4 c5 41. Na4 cxb4 42. axb4 Kd6 43. Kc4 a5 44. e5+ Kd7 45. Nc5+ Nxc5 46. bxc5
a4 47. Kb4 Kc6 48. e6 1-0

[Event "Knights-Alumni play(2)"]
[Site "?"]
[Date "1998.??.??"]
[Round "?"]
[White "Czerniecki"]
[Black "Benedek"]
[Result "0-1"]
[WhiteElo "2059"]
[BlackElo "2166"]
[PlyCount "55"]
[EventDate "1998.??.??"]

1. Nf3 Nf6 2. g3 g6 3. Bg2 Bg7 4. d3 O-O 5. O-O d6 6. Nbd2 c5 7. e4 Nc6 8. c3
e5 9. h3 h6 10. Nc4 b5 11. Ne3 Be6 12. Nh4 Qd7 13. Nhf5 gxf5 14. exf5 d5 15.
fxe6 fxe6 16. Ng4 Nxg4 17. Qxg4 Kh7 18. c4 bxc4 19. dxc4 Rad8 20. Be3 Nd4 21.
Rad1 e4 22. b4 Qa4 23. cxd5 exd5 24. bxc5 Nf3+ 25. Bxf3 Rxf3 26. Rd2 Qc6 27.
Rfd1 Bc3 28. Rxd5 {Rest of game can't be replayed} 0-1

[Event "Knights-Alumni play(2)"]
[Site "?"]
[Date "1998.??.??"]
[Round "?"]
[White "Yacout"]
[Black "Frank"]
[Result "0-1"]
[WhiteElo "1577"]
[BlackElo "1862"]
[PlyCount "66"]
[EventDate "1998.??.??"]

1. d4 Nf6 2. c4 e6 3. Nf3 d5 4. Bg5 Be7 5. Nc3 dxc4 6. e3 O-O 7. Bxc4 a6 8. O-O
b5 9. Bb3 Bb7 10. Bc2 Nbd7 11. Re1 b4 12. Nb1 Ne4 13. Bxe7 Qxe7 14. Qd3 Rfd8
15. Nbd2 Ndf6 16. Rac1 c5 17. h4 a5 18. Re2 Qc7 19. Ne5 Nxd2 20. Rxd2 Ba6 21.
Qb3 c4 22. Bb1 Qxe5 23. dxe5 cxb3 24. Rxd8+ Rxd8 25. exf6 bxa2 26. Bxa2 Rc8 27.
Rxc8+ Bxc8 28. fxg7 a4 29. Bc4 a3 30. bxa3 bxa3 31. Kf1 Bb7 32. f3 Bd5 33. Bd3
a2 0-1

[Event "Royals-Columbia play(2)"]
[Site "?"]
[Date "1998.??.??"]
[Round "?"]
[White "Buchner"]
[Black "Santiago"]
[Result "1/2-1/2"]
[WhiteElo "2051"]
[BlackElo "2086"]
[PlyCount "74"]
[EventDate "1998.??.??"]

1. Nf3 Nf6 2. g3 d5 3. Bg2 Nbd7 4. d4 c6 5. O-O g6 6. c4 dxc4 7. Na3 Nb6 8. Qc2
Bf5 9. Qd1 Be4 10. Bg5 Bg7 11. Rc1 Qd5 12. Be3 Nfd7 13. Nb1 Bxb1 14. Rxb1 Qa5
15. a3 Nd5 16. Bd2 Qa6 17. e4 Nc7 18. Bb4 e6 19. Qc2 b5 20. b3 Nb6 21. Bc5 cxb3
22. Qxb3 Nc4 23. Rfc1 Rc8 24. a4 Na5 25. Qb4 Nb7 26. axb5 Nxb5 27. Ra1 Nxc5 28.
Rxa6 Nxa6 29. Qa4 Nb8 30. e5 O-O 31. Nd2 a6 32. Ne4 Rfd8 33. Rc4 h6 34. Nc5 Nd7
35. Qxa6 Nxc5 36. Rxc5 Nxd4 37. Qc4 Rb8 1/2-1/2

[Event "Columbia-Royals play(2)"]
[Site "?"]
[Date "1998.??.??"]
[Round "?"]
[White "Pehas"]
[Black "Hayes"]
[Result "0-1"]
[WhiteElo "1963"]
[BlackElo "1846"]
[PlyCount "106"]
[EventDate "1998.??.??"]

1. c4 g6 2. g3 Bg7 3. Bg2 e5 4. Nc3 f5 5. e3 d6 6. Nge2 c6 7. Rb1 Nf6 8. d3 a5
9. a3 Be6 10. b4 axb4 11. axb4 d5 12. cxd5 cxd5 13. O-O O-O 14. Bd2 Nc6 15. b5
Ne7 16. Ra1 Qb6 17. Rb1 Ra3 18. Na4 Qa7 19. Bb4 Rxa4 20. Bxe7 Rc8 21. d4 Ne4
22. Bxe4 dxe4 23. d5 Bd7 24. Qb3 Rac4 25. b6 Qa5 26. d6 Qa4 27. Qxa4 Bxa4 28.
Rfc1 Kf7 29. Rxc4 Rxc4 30. Rc1 Rxc1+ 31. Nxc1 Bf6 32. Bxf6 Kxf6 33. Na2 Ke6 34.
Nc3 Bc6 35. Kf1 Kxd6 36. Ke2 Kc5 37. Kd2 Kxb6 38. Nb1 Kc5 39. Kc3 Bb5 40. Nd2
Bd3 41. Nb3+ Kb5 42. Nd2 g5 43. h4 gxh4 44. gxh4 h5 45. Kb3 Kc5 46. Kc3 b5 47.
Nb3+ Kd5 48. Kb4 f4 49. Nc5 f3 50. Na6 Ke6 51. Nc7+ Kf5 52. Nxb5 Kg4 53. Nd6
Kxh4 0-1

[Event "Motorola-Tyros play(3)"]
[Site "?"]
[Date "1998.??.??"]
[Round "?"]
[White "Stein"]
[Black "Morris"]
[Result "1/2-1/2"]
[WhiteElo "2217"]
[BlackElo "2138"]
[PlyCount "40"]
[EventDate "1998.??.??"]

1. e4 e5 2. Nf3 Nc6 3. Bc4 Bc5 4. O-O Nf6 5. d4 Bxd4 6. Nxd4 Nxd4 7. f4 d6 8.
c3 Bg4 9. Qd2 Nc6 10. f5 Ne7 11. Qe1 d5 12. exd5 Bxf5 13. Qxe5 Qd6 14. Rxf5
Qc5+ 15. Be3 Qxc4 16. Nd2 Qxd5 17. Raf1 Qxe5 18. Rxe5 Ng4 19. Re4 f5 20. Rxf5
Nf6 1/2-1/2

[Event "Motorola-Tyros play(3)"]
[Site "?"]
[Date "1998.??.??"]
[Round "?"]
[White "Hasan"]
[Black "Tamez"]
[Result "1-0"]
[WhiteElo "2197"]
[BlackElo "2207"]
[PlyCount "59"]
[EventDate "1998.??.??"]

1. e4 c5 2. Nf3 d6 3. c3 Nf6 4. Qc2 Bg4 5. Be2 Nc6 6. d4 Bxf3 7. Bxf3 cxd4 8.
cxd4 Nxd4 9. Qa4+ Nc6 10. Bd2 e6 11. e5 dxe5 12. Bxc6+ bxc6 13. Qxc6+ Nd7 14.
Nc3 Rc8 15. Qa4 Qb6 16. O-O Qd4 17. Qa6 Rd8 18. Bg5 Be7 19. Bxe7 Kxe7 20. Rfd1
Qb4 21. Qxa7 21... Qxb2 { } 22. Ne4 Qb4 23. Nc5 { } 23... Qxc5 24. Rxd7+ Rxd7
25. Qxc5+ Kf6 26. Re1 Rd5 27. Qc3 Rd4 28. f4 Rhd8 29. fxe5+ Ke7 30. Qc5+ 1-0

[Event "Motorola-Tyros play(3)"]
[Site "?"]
[Date "1998.??.??"]
[Round "?"]
[White "Mackie"]
[Black "Stoltz"]
[Result "1-0"]
[WhiteElo "1944"]
[BlackElo "1946"]
[PlyCount "81"]
[EventDate "1998.??.??"]

1. e4 c5 2. d4 cxd4 3. c3 d5 4. exd5 Qxd5 5. cxd4 Nc6 6. Nf3 Nf6 7. Nc3 Qe6+ 8.
Be2 Nd5 9. O-O Nxc3 10. bxc3 Qd6 11. d5 Ne5 12. Nxe5 Qxe5 13. Bb5+ Bd7 14.
Bxd7+ Kxd7 15. Qa4+ { } 15... Kd8 16. Be3 Qc7 17. Rab1 { } 17... g6 18. Bb6 { }
18... axb6 19. Qxa8+ Kd7 20. Qa4+ Kd8 21. Qd4 Rg8 22. Qxb6 Qxb6 23. Rxb6 Kc7
24. Rfb1 Bh6 25. Rxb7+ Kd6 26. a4 Ra8 27. Ra1 Bg7 28. Ra3 Rc8 29. g3 Bxc3 30.
a5 Bd4 31. Ra2 f5 32. a6 e5 33. dxe6 Kxe6 34. a7 Ra8 35. Rxh7 g5 36. Ra4 Be5
37. Ra6+ Kd5 38. Rh5 Bd4 39. Rxg5 Ke4 40. Kg2 f4 41. Rg4 1-0

[Event "Tyros-Motorola play(3)"]
[Site "?"]
[Date "1998.??.??"]
[Round "?"]
[White "Blazie"]
[Black "Ausburger"]
[Result "0-1"]
[WhiteElo "1750"]
[BlackElo "1727"]
[PlyCount "94"]
[EventDate "1998.??.??"]

1. e4 c6 2. d4 d5 3. exd5 cxd5 4. h3 Nf6 5. Nf3 Bf5 6. c3 e6 7. Bb5+ Nbd7 8.
Ne5 a6 9. Ba4 b5 10. Bc2 Bxc2 11. Qxc2 Bd6 12. Nxd7 Qxd7 13. Nd2 O-O 14. O-O
Rac8 15. Qd3 Qb7 16. Nf3 a5 17. Be3 b4 18. cxb4 Qxb4 19. Bd2 Qb6 20. b3 Ne4 21.
Ng5 Nxg5 22. Bxg5 Rc7 23. Rac1 Rfc8 24. Rxc7 Qxc7 25. Qb1 Ba3 26. Bh4 h6 27.
Rd1 Qc3 28. Kh2 Qc2 29. Bg3 Qxb1 30. Rxb1 Rc2 31. f3 Rxa2 32. Bc7 Kf8 33. Bb6
Ke7 34. Kh1 Bb4 35. Rc1 Rb2 36. Rc7+ Kf6 37. Rb7 Rxb3 38. Bc5 Rb2 39. h4 Bc3
40. Ra7 Rd2 41. g4 Bxd4 42. Be7+ Ke5 43. Rxa5 Kf4 44. h5 Kg3 45. Bd6+ e5 46.
Bxe5+ Bxe5 47. Rxd5 Rxd5 0-1

[Event "Alumni-Chargers play(3)"]
[Site "?"]
[Date "1998.??.??"]
[Round "?"]
[White "Warren"]
[Black "Czerniecki"]
[Result "1-0"]
[WhiteElo "2112"]
[BlackElo "2048"]
[PlyCount "161"]
[EventDate "1998.??.??"]

1. d4 g6 2. c4 Bg7 3. Nc3 d6 4. e4 Nc6 5. Be3 Nf6 6. Be2 O-O 7. h3 e5 8. d5 Ne7
9. Qd2 Ne8 10. Bd1 f5 11. f3 Nf6 12. Nge2 a6 13. O-O f4 14. Bf2 g5 15. Re1 h5
16. Nc1 Ng6 17. Kf1 b6 18. a4 a5 19. Nb5 g4 20. hxg4 hxg4 21. Ra3 Bh6 22. Be2
Kg7 23. Qd1 Bg5 24. fxg4 Nxe4 25. Nd3 Bh4 26. Bf3 Nxf2 27. Nxf2 Bxf2 28. Kxf2
Qh4+ 29. Kf1 Qd8 30. Qe2 Rh8 31. Qf2 Rh2 32. Ke2 Rh4 33. Kd1 Bxg4 34. Bxg4 Rxg4
35. Rh1 Qe7 36. Rah3 Rh8 37. Rxh8 Nxh8 38. Qf3 Rh4 39. Rxh4 Qxh4 40. Nxc7 Nf7
41. Ne6+ Kf6 42. Qe4 Ng5 43. Nxg5 Kxg5 44. Kc1 Qh1+ 45. Kd2 Qa1 46. Qc2 Qg1 47.
Qe4 Qf2+ 48. Kc3 Qc5 49. Kc2 Qb4 50. b3 Qa3 51. Qf3 Qa2+ 52. Kd1 Qb1+ 53. Ke2
e4 54. Qc3 Kf5 55. Qg7 Qd3+ 56. Ke1 Qe3+ 57. Kf1 Qc1+ 58. Ke2 Qc2+ 59. Ke1 Qb1+
60. Ke2 f3+ 61. gxf3 Qd3+ 62. Ke1 Qe3+ 63. Kf1 Qxf3+ 64. Ke1 Qxb3 65. Qf7+ Ke5
66. Qe6+ Kd4 67. Qxd6 Qb1+ 68. Ke2 Qd3+ 69. Ke1 Qc3+ 70. Kd1 Kd3 71. Qg3+ e3
72. Qg6+ Kxc4 73. Qc6+ Kd3 74. Qxc3+ Kxc3 75. d6 Kb4 76. d7 Kxa4 77. d8=Q b5
78. Qd4+ b4 79. Qxe3 b3 80. Qc5 b2 81. Kc2 1-0

[Event "Alumni-Chargers play(3)"]
[Site "?"]
[Date "1998.??.??"]
[Round "?"]
[White "Allen"]
[Black "Marcowka"]
[Result "0-1"]
[WhiteElo "1982"]
[BlackElo "1992"]
[PlyCount "130"]
[EventDate "1998.??.??"]

1. d4 e6 2. e3 Nf6 3. Bd3 c5 4. c3 cxd4 5. exd4 b6 6. Nf3 Ba6 7. O-O Qc8 8. Ne5
Bxd3 9. Qxd3 Qb7 10. Nd2 Be7 11. f4 O-O 12. Qf3 Qxf3 13. Rxf3 Ne8 14. Ne4 f6
15. Nd3 Nc6 16. Bd2 Nc7 17. Raf1 Rfe8 18. Ng3 g6 19. Kh1 Kg7 20. a3 Rad8 21.
Be3 Na5 22. Ne2 Nc4 23. Bc1 d5 24. g4 h6 25. Ng3 f5 26. Ne5 Nd6 27. gxf5 gxf5
28. Nh5+ Kh7 29. Nc6 Ne4 30. Nxa7 Ra8 31. Nc6 Bh4 32. Be3 Rg8 33. Ne5 Nb5 34.
Rh3 Be7 35. Ng3 Nbd6 36. Nc6 Bf6 37. Nh5 Bh8 38. Ne7 Rge8 39. Nc6 Nc4 40. Bc1
Rg8 41. Ne5 Ned2 42. Bxd2 Nxd2 43. Re1 Ne4 44. Re2 Raf8 45. Ng3 Bxe5 46. dxe5
Rg4 47. Nxe4 fxe4 48. Rf2 Rgxf4 49. Rxf4 Rxf4 50. Re3 Rf5 51. Kg2 Rxe5 52. b3
Rg5+ 53. Kf2 Kg6 54. Rg3 Kf5 55. a4 Rh5 56. h3 Kf4 57. Re3 e5 58. b4 d4 59.
cxd4 exd4 60. Rg3 Kf5 61. Ra3 e3+ 62. Ke1 Ke4 63. a5 bxa5 64. bxa5 d3 65. Ra4+
Kf3 0-1

[Event "Alumni-Chargers play(3)"]
[Site "?"]
[Date "1998.??.??"]
[Round "?"]
[White "Frank"]
[Black "Radavicius"]
[Result "1-0"]
[WhiteElo "1869"]
[BlackElo "1620"]
[PlyCount "93"]
[EventDate "1998.??.??"]

1. e4 e5 2. Nf3 Nc6 3. Bb5 Nge7 4. O-O a6 5. Ba4 b5 6. Bb3 h6 7. d4 exd4 8.
Nxd4 Bb7 9. Qf3 Ne5 10. Qf4 N7g6 11. Qf5 Qf6 12. Re1 c5 13. Qxf6 gxf6 14. Nf5
c4 15. f4 Nc6 16. Nc3 cxb3 17. cxb3 Bc5+ 18. Kh1 Nge7 19. Nd5 O-O-O 20. Be3
Bxe3 21. Nfxe7+ Nxe7 22. Nxe7+ Kb8 23. Rxe3 Rde8 24. Nf5 Rxe4 25. Rxe4 Bxe4 26.
Nd6 Bc6 27. Re1 Rh7 28. Kg1 h5 29. Re7 h4 30. Rxf7 Rh5 31. Rf8+ Kc7 32. Ne8+
Kb6 33. Rxf6 Rd5 34. Rd6 Rc5 35. Rd2 Rf5 36. g3 h3 37. Kf2 Rc5 38. Ke3 Rc1 39.
Nd6 Bg2 40. f5 Rf1 41. g4 Rf3+ 42. Ke2 Rf4 43. g5 Rg4 44. g6 Kc7 45. Ke3 Kd8
46. Rd4 Rg5 47. Nf7+ 1-0

[Event "Alumni-Chargers play(3)"]
[Site "?"]
[Date "1998.??.??"]
[Round "?"]
[White "Franek"]
[Black "Dobr"]
[Result "1-0"]
[WhiteElo "1781"]
[BlackElo "1473"]
[PlyCount "74"]
[EventDate "1998.??.??"]

1. d4 Nf6 2. c4 e6 3. Nc3 Bb4 4. e3 Ne4 5. Qc2 d5 6. Bd3 f5 7. a3 Nxc3 8. bxc3
Be7 9. cxd5 Qxd5 10. e4 Qc6 11. Nf3 O-O 12. Ne5 Qe8 13. exf5 exf5 14. Bc4+ Kh8
15. O-O Bd6 16. Re1 Bxe5 17. Rxe5 Qg6 18. Qe2 Bd7 19. d5 Na6 20. Bxa6 bxa6 21.
Bb2 Rae8 22. f4 Rb8 23. c4 Qb6+ 24. Kf1 Qxb2 25. Qxb2 Rxb2 26. Re7 Rd8 27. Rae1
Rb7 28. Rxd7 Rdb8 29. Ree7 Rb1+ 30. Kf2 R1b2+ 31. Kg3 h6 32. Rxg7 Re8 33. Rge7
Rxe7 34. Rxe7 Rb3+ 35. Kh4 Rxa3 36. Rxc7 Rc3 37. c5 Rd3 1-0

[Event "Exemplars-Royals play(3)"]
[Site "?"]
[Date "1998.??.??"]
[Round "?"]
[White "Sollano"]
[Black "Pehas"]
[Result "0-1"]
[WhiteElo "1938"]
[BlackElo "1943"]
[PlyCount "140"]
[EventDate "1998.??.??"]

1. Nf3 d5 2. d4 Nf6 3. e3 c5 4. c3 e6 5. Bd3 Nbd7 6. Nbd2 Bd6 7. O-O O-O 8. c4
b6 9. cxd5 exd5 10. b3 Bb7 11. Bb2 Qe7 12. Re1 Ne4 13. Rc1 Rac8 14. Qe2 Rfd8
15. Nf1 Ndf6 16. h3 Rc7 17. N3h2 Rdc8 18. dxc5 bxc5 19. Bxf6 Nxf6 20. Bf5 Re8
21. Qc2 g6 22. Bd3 Qd7 23. Qb2 Be5 24. Qe2 Qc8 25. Bb5 Rd8 26. Nf3 Bd6 27. N1d2
a6 28. Bd3 Re8 29. Qf1 Qa8 30. Red1 Kg7 31. Nh2 Qc8 32. Be2 Qa8 33. Nhf3 Qc8
34. Ne1 Qa8 35. Rc2 Bf8 36. Nef3 Rd7 37. Nh2 Kg8 38. Bd3 Kg7 39. Ndf3 Kg8 40.
Rcd2 Kg7 41. Bb1 Kg8 42. Qd3 Kg7 43. Qc3 Rc7 44. Ng4 Qd8 45. Nge5 Qd6 46. Nc4
Qe6 47. Na5 47... Ba8 { } 48. b4 Rec8 49. bxc5 49... Rxc5 { } 50. Qb3 (50. Qa3
Rb5 51. Qa4 { } 51... Rb4 52. Qa3 Rxb1) 50... Rb5 51. Qd3 Rxa5 52. Rb2 Rac5 53.
Nd4 Qd6 54. Nb3 Rc3 55. Qd4 R3c4 56. Qd3 Qe5 57. Qe2 Bd6 58. f4 Qe7 59. Bd3 Rc3
60. Kh1 Ne4 61. Qe1 Bb4 62. Bxe4 Qxe4 63. Rd4 Qe7 64. f5 R3c4 65. Qf2 Bc3 66.
Rb1 Bxd4 67. Nxd4 Rc1+ 68. Rxc1 Rxc1+ 69. Kh2 Qe5+ 70. g3 Rc3 0-1

[Event "Royals-Exemplars play(3)"]
[Site "?"]
[Date "1998.??.??"]
[Round "?"]
[White "Dobrovolny"]
[Black "Burian"]
[Result "1-0"]
[WhiteElo "1782"]
[BlackElo "1606"]
[PlyCount "89"]
[EventDate "1998.??.??"]

1. e4 c5 2. Nf3 Nc6 3. Bc4 d6 4. d4 cxd4 5. Nxd4 g6 6. Nc3 Bg7 7. Be3 Nf6 8.
Qd2 Qc7 9. Bb3 O-O 10. f3 a6 11. g4 Nxg4 12. fxg4 Bxg4 13. Nd5 Qd8 14. c3 e6
15. Nxc6 bxc6 16. Bg5 f6 17. Ne3 Bh5 18. Bf4 Qb6 19. Bxe6+ Kh8 20. Nc4 Qc5 21.
Bxd6 Qb5 22. Bxf8 Rxf8 23. O-O Re8 24. Qd7 Qc5+ 25. Rf2 Rb8 26. b4 Qg5+ 27. Rg2
Qh4 28. Bg4 Bxg4 29. Qxg4 Qh6 30. Rd1 Rf8 31. Qg3 Re8 32. Nd6 Rf8 33. a4 Qh5
34. Rgd2 a5 35. Nc4 Kg8 36. Nxa5 c5 37. Rd8 cxb4 38. cxb4 Qe2 39. Qd3 Qg4+ 40.
Kh1 Qe6 41. Rxf8+ Bxf8 42. Qd5 Qxd5 43. exd5 Bxb4 44. Nc6 Bd6 45. a5 1-0

[Event "Columbia-Exemplars play(1)"]
[Site "?"]
[Date "1998.??.??"]
[Round "?"]
[White "Santiago"]
[Black "Benesa"]
[Result "0-1"]
[WhiteElo "2101"]
[BlackElo "2223"]
[PlyCount "113"]
[EventDate "1998.??.??"]

1. Nf3 Nf6 2. g3 g6 3. Bg2 Bg7 4. d4 d5 5. Bf4 O-O 6. Nc3 c5 7. e3 Nh5 8. Bxb8
Rxb8 9. O-O e6 10. h4 b5 11. Ne2 Qc7 12. c3 b4 13. Qd2 Ba6 14. Rfc1 Bxe2 15.
Qxe2 c4 16. Qc2 b3 17. axb3 Rxb3 18. Nd2 Rb6 19. b4 cxb3 20. Nxb3 Rfb8 21. Rcb1
Nxg3 22. Nc5 Nh5 23. Bf3 Qe7 24. Kf1 Qxh4 25. Rxb6 axb6 26. Nd7 Rd8 27. Nxb6
Qh2 28. Bg2 Qc7 29. Na4 Bf8 30. Bf3 Nf6 31. Kg2 e5 32. Qd2 e4 33. Be2 Ra8 34.
Qc2 Nd7 35. c4 dxc4 36. Qxc4 Qxc4 37. Bxc4 Nb6 38. Bb3 Kg7 39. Ra2 Nd7 40. Nc3
Rxa2 41. Bxa2 f5 42. Bc4 Bd6 43. Nd5 g5 44. Bb5 Nf8 45. Be8 Ng6 46. Bd7 h5 47.
f3 exf3+ 48. Kxf3 g4+ 49. Kg2 Nh4+ 50. Kh1 Kg6 51. Nc3 Bg3 52. Bc6 Be1 53. Ne2
Bd2 54. e4 f4 55. Kg1 g3 56. e5 Kg5 57. Kf1 0-1